<?xml version='1.0' encoding='UTF-8'?>
  <record xmlns="http://www.loc.gov/MARC21/slim">
    <leader>00000ctm a2200000 i 4500</leader>
    <controlfield tag="001">ocn965407936</controlfield>
    <controlfield tag="003">OCoLC</controlfield>
    <controlfield tag="005">20240628104557.8</controlfield>
    <controlfield tag="008">130612q14001500xx            000 0 lat d</controlfield>
    <datafield tag="040" ind1=" " ind2=" ">
      <subfield code="a">QGJ</subfield>
      <subfield code="b">dut</subfield>
      <subfield code="c">QGJ</subfield>
      <subfield code="d">OCLCL</subfield>
      <subfield code="d">OCLCQ</subfield>
    </datafield>
    <datafield tag="035" ind1=" " ind2=" ">
      <subfield code="a">(OCoLC)965407936</subfield>
    </datafield>
    <datafield tag="100" ind1="0" ind2=" ">
      <subfield code="a">Johannes de Huekelen.</subfield>
    </datafield>
    <datafield tag="245" ind1="1" ind2="0">
      <subfield code="a">Compendiosa super tractatus Petri Hispani /</subfield>
      <subfield code="c">Johannes de Huekelen.</subfield>
      <subfield code="f">UBU Hs. 235 (Hs 5 F 17).</subfield>
    </datafield>
    <datafield tag="246" ind1="1" ind2=" ">
      <subfield code="a">Tractatus III de praedicabilibus</subfield>
    </datafield>
    <datafield tag="246" ind1="1" ind2=" ">
      <subfield code="a">Tractatus tres de praedicabilibus</subfield>
    </datafield>
    <datafield tag="246" ind1="1" ind2=" ">
      <subfield code="a">Quaestiones de suppositionibus, de exponibilibus</subfield>
    </datafield>
    <datafield tag="260" ind1=" " ind2=" ">
      <subfield code="c">[1400-1500]</subfield>
    </datafield>
    <datafield tag="300" ind1=" " ind2=" ">
      <subfield code="a">223 fol. :</subfield>
      <subfield code="b">gedecoreerde initialen ;</subfield>
      <subfield code="c">220 x 140 (159 x 113) mm.</subfield>
    </datafield>
    <datafield tag="336" ind1=" " ind2=" ">
      <subfield code="a">text</subfield>
      <subfield code="b">txt</subfield>
      <subfield code="2">rdacontent</subfield>
    </datafield>
    <datafield tag="337" ind1=" " ind2=" ">
      <subfield code="a">unmediated</subfield>
      <subfield code="b">n</subfield>
      <subfield code="2">rdamedia</subfield>
    </datafield>
    <datafield tag="338" ind1=" " ind2=" ">
      <subfield code="a">volume</subfield>
      <subfield code="b">nc</subfield>
      <subfield code="2">rdacarrier</subfield>
    </datafield>
    <datafield tag="340" ind1=" " ind2=" ">
      <subfield code="a">papier</subfield>
      <subfield code="k">2 kol., littera cursiva.</subfield>
    </datafield>
    <datafield tag="500" ind1=" " ind2=" ">
      <subfield code="a">Bevat behalve Compendiosa super tractatus Petri Hispani / Johannes de Huekelen (fol. 1r-107v) ook: Tractatus III de praedicabilibus (fol. 108r-155v); en: Quaestiones de suppositionibus, de exponibilibus, etc. (fol. 156r-223r).</subfield>
    </datafield>
    <datafield tag="500" ind1=" " ind2=" ">
      <subfield code="a">Datering: 15de eeuw.</subfield>
    </datafield>
    <datafield tag="500" ind1=" " ind2=" ">
      <subfield code="a">"Tractatus III de praedicabilibus" is een tekst over logica.</subfield>
    </datafield>
    <datafield tag="524" ind1=" " ind2=" ">
      <subfield code="a">Te citeren als: Universiteitsbibliotheek Utrecht Hs. 235 (Hs 5 F 17).</subfield>
    </datafield>
    <datafield tag="500" ind1=" " ind2=" ">
      <subfield code="a">"Quaestiones de suppositionibus, de exponibilibus, etc." is mogelijk Henricus de Anglia's "Tractatus de insolubilibus".</subfield>
    </datafield>
    <datafield tag="500" ind1=" " ind2=" ">
      <subfield code="a">Op band: Dicta et tractatus p.h. ex Anglia. De suppositionibus. De communis (?) exponibilibus.</subfield>
    </datafield>
    <datafield tag="500" ind1=" " ind2=" ">
      <subfield code="a">Colofon fol. 107v: Expliciunt compendiosa super tractatus Petri Hyspani dicta a venerabili magistro dicto Johannes de Huekelen edita et ghorinchem per eundem dum hec primo edidit pronunciata.</subfield>
    </datafield>
    <datafield tag="500" ind1=" " ind2=" ">
      <subfield code="a">Volgens colofon fol. 155v is de kopiïst Theodricus Ghenovis: Et sic est finis questionum ... per manus Theodrici Ghenovis feria tercia post festum sancti Michaelis.</subfield>
    </datafield>
    <datafield tag="500" ind1=" " ind2=" ">
      <subfield code="a">Op voorblad: Iste liber pertinet Jacobo decano (?) ... de Wescapell necnon Cornelio ...</subfield>
    </datafield>
    <datafield tag="500" ind1=" " ind2=" ">
      <subfield code="a">Beschadigd, vooral de laatste ca. 40 bladen.</subfield>
    </datafield>
    <datafield tag="563" ind1=" " ind2=" ">
      <subfield code="a">Leren band.</subfield>
    </datafield>
    <datafield tag="581" ind1=" " ind2=" ">
      <subfield code="a">[P.A. Tiele], Catalogus codicum manu scriptorum Bibliothecae Universitatis Rheno-Trajectinae. I. Trajecti ad Rhenum / Hagae Comitis 1887. p. 77-78.</subfield>
    </datafield>
    <datafield tag="600" ind1="0" ind2="4">
      <subfield code="a">Petrus Hispanus,</subfield>
      <subfield code="d">ca. 1210-1277.</subfield>
    </datafield>
    <datafield tag="655" ind1=" " ind2="7">
      <subfield code="a">Handschriften (vorm)</subfield>
      <subfield code="0">(NL-LeOCL)088143309.</subfield>
      <subfield code="2">gtt</subfield>
    </datafield>
    <datafield tag="700" ind1="0" ind2=" ">
      <subfield code="a">Henricus de Anglia.</subfield>
    </datafield>
    <datafield tag="700" ind1="0" ind2=" ">
      <subfield code="a">Theodricus Ghenovis.</subfield>
      <subfield code="4">fmo</subfield>
    </datafield>
    <datafield tag="700" ind1="0" ind2=" ">
      <subfield code="a">Jacobus decano ... de Wescapell.</subfield>
      <subfield code="4">fmo</subfield>
    </datafield>
    <datafield tag="700" ind1="0" ind2=" ">
      <subfield code="a">Cornelius ?</subfield>
      <subfield code="4">fmo</subfield>
    </datafield>
    <datafield tag="710" ind1="2" ind2=" ">
      <subfield code="a">Karthuizerklooster Nieuwlicht of Bloemendaal (Utrecht)</subfield>
      <subfield code="4">fmo</subfield>
    </datafield>
    <datafield tag="710" ind1="2" ind2=" ">
      <subfield code="a">Gemeentearchief (Utrecht)</subfield>
      <subfield code="4">fmo</subfield>
    </datafield>
    <datafield tag="758" ind1=" " ind2=" ">
      <subfield code="a">UBU Hs. 235 (Hs 5 F 17) Compendiosa super tractatus Petri Hispani (Text)</subfield>
      <subfield code="1">https://id.oclc.org/worldcat/entity/E39PD3DJ3jK4pYjKGwDRqgR4mb</subfield>
      <subfield code="4">https://id.oclc.org/worldcat/ontology/hasWork</subfield>
    </datafield>
    <datafield tag="856" ind1="4" ind2="1">
      <subfield code="u">http://objects.library.uu.nl/reader/resolver.php?obj=002498177&amp;type=2</subfield>
      <subfield code="x">Online</subfield>
      <subfield code="z">Full text</subfield>
    </datafield>
    <datafield tag="936" ind1=" " ind2=" ">
      <subfield code="a">BATCHLOAD</subfield>
    </datafield>
  </record>